LIBRARY & INFORMATION CENTRE, KCAET, TAVANUR

ONLINE PUBLIC ACCESS CATALOGUE (OPAC)

Poetry direct and oblique / (Record no. 3583)

MARC details
000 -LEADER
fixed length control field 00391cam a2200157ua 4500
041 ## - LANGUAGE CODE
Language code of text/sound track or separate title eng
082 ## - DEWEY DECIMAL CLASSIFICATION NUMBER
Classification number 828.09
Item number TIL/PO
100 ## - MAIN ENTRY--AUTHOR NAME
Personal name Tillyard, E M W .
245 ## - TITLE STATEMENT
Title Poetry direct and oblique /
260 ## - PUBLICATION, DISTRIBUTION, ETC. (IMPRINT)
Place of publication London :
Name of publisher Chatto and Windus ,
Year of publication 1966.
300 ## - PHYSICAL DESCRIPTION
Number of Pages 116 ; .
942 ## - ADDED ENTRY ELEMENTS (KOHA)
Koha item type Books
Holdings
Withdrawn status Lost status Damaged status Home library Current library Date acquired Full call number Accession Number Koha item type Cost, normal purchase price Public note
Withdrawn     KAUAET Malayalam University 07/04/2012 828.09 6992 Books 8.60 Transferred to Malayalam University
Withdrawn     KAUAET Sanskrit University 07/04/2012 828.09 11865 Books    
free website counter